00526ntaaa2200169 45000030003000000050017000030080021000200400037000410820017000782450021000952500010001162600041001263000008001675000117001756500030002927000034003220120251027202529.00714s1973 ag 01  aAR-BaBNbspacAR-BaBNeaacrdRIC a286.0000 W88 aBaptist advance. a1 ed. aNashville : bBroadman Press, c1964 a512 aAchievements of Baptists of North America for a century and a half. Hay otros ejemplares en el estante general. aBautistas en Norteamerica aWoollely, Davis Collier, ed.